00522nam a2200085Ia 4500008004100000245002600041300029800067650001600365856005500381170517s9999 xx 000 0 und d 3aAn Inconvenient Tooth aAn Inconvenient Tooth is a documentary film about the water fluoridation controversy which arises from moral, ethical, political, and safety concerns regarding the fluoridation of public water supplies. The controversy occurs mainly in English-speaking countries, as Continental Europe does... xTechnology. uhttp://topdocumentaryfilms.com/inconvenient-tooth/